[Event "Bayernliga U20 1314"]
[Site "Bayern"]
[Date "2014.01.25"]
[Round "4.4"]
[White "Tsandekidis, Neofytos"]
[Black "Hilger, Sebastian"]
[Result "1-0"]
[WhiteElo "1767"]
[BlackElo "1395"]
[PlyCount "85"]
[EventDate "2013.11.16"]
[EventType "team-tourn"]
[EventRounds "7"]
[EventCountry "GER"]
[SourceTitle "EXT 2022"]
[Source "ChessBase"]
[SourceDate "2021.10.06"]
[SourceVersion "1"]
[SourceVersionDate "2021.10.06"]
[SourceQuality "1"]
[WhiteTeam "Muenchen Suedost SK U20"]
[BlackTeam "Vaterstetten SC U20"]
[WhiteTeamCountry "GER"]
[BlackTeamCountry "GER"]

1. e4 e5 2. c4 Nc6 3. Nc3 Bc5 4. d3 d6 5. g3 Be6 6. Bg2 Nge7 7. Nge2 Qd7 8. 0-0 Nd4 9. Nxd4 Bxd4 10. Qe1 0-0-0 11. Be3 Nc6 12. Qd2 h5 13. Bxd4 Nxd4 14. Ne2 f6 15. Nxd4 exd4 16. f4 Bh3 17. Qf2 c5 18. b4 h4 19. Bxh3 Qxh3 20. f5 Rh7 21. bxc5 dxc5 22. Qg2 hxg3 23. hxg3 Rdh8 24. Qxh3 Rxh3 25. Kg2 Rh2+ 26. Kf3 Rd2 27. Rfd1 Rhh2 28. a4 Rhf2+ 29. Kg4 Rc2 30. Kh5 Rg2 31. g4 Rc3 32. e5 fxe5 33. g5 e4 34. dxe4 Rcg3 35. Kg6 Rxg5+ 36. Kf7 R5g4 37. e5 Rg5 38. Rf1 Re2 39. e6 Re5 40. e7 Kd7 41. Rae1 Rgxf5+ 42. Rxf5 Rxf5+ 43. Kg6 1-0

[Event "Landesliga Sued 1213 U20"]
[Site "Bayern"]
[Date "2013.01.19"]
[Round "5.2"]
[White "Tsandekidis, Neofytos"]
[Black "Heuwieser, Markus"]
[Result "1-0"]
[WhiteElo "1728"]
[BlackElo "1410"]
[PlyCount "93"]
[EventDate "2012.10.20"]
[EventType "team-tourn"]
[EventRounds "7"]
[EventCountry "GER"]
[SourceTitle "EXT 2020"]
[Source "ChessBase"]
[SourceDate "2019.10.17"]
[SourceVersion "1"]
[SourceVersionDate "2019.10.17"]
[SourceQuality "1"]
[WhiteTeam "Muenchen Suedost U20 II"]
[BlackTeam "Ismaning U20"]
[WhiteTeamCountry "GER"]
[BlackTeamCountry "GER"]

1. e4 e5 2. c4 c5 3. g3 Nc6 4. Bg2 g6 5. Nc3 Bg7 6. Nge2 Nge7 7. 0-0 0-0 8. d3 d6 9. Be3 a6 10. Qd2 Be6 11. h3 Nd4 12. Kh2 Qc7 13. Bh6 f5 14. Bxg7 Kxg7 15. f4 Rab8 16. Nxd4 exd4 17. Nd5 Nxd5 18. exd5 Bd7 19. Rfe1 Rfe8 20. Rxe8 Rxe8 21. Re1 b5 22. Rxe8 Bxe8 23. Qe1 Qf7 24. b3 b4 25. Kg1 Kf6 26. Kf2 a5 27. Bf3 Qe7 28. Qd2 Bd7 29. g4 h6 30. g5+ hxg5 31. fxg5+ Kg7 32. Qf4 Qe5 33. Kg3 Be8 34. Bg2 a4 35. Qxe5+ dxe5 36. Bf3 axb3 37. axb3 Kh7 38. h4 Kg7 39. h5 gxh5 40. Kh4 Kg6 41. Bxh5+ Kg7 42. Bxe8 f4 43. Kg4 Kf8 44. Bg6 Kg7 45. Be4 Kf7 46. Kf5 Ke7 47. g6 1-0

[Event "Landesliga Sued 1213 U20"]
[Site "Bayern"]
[Date "2012.10.20"]
[Round "1.2"]
[White "Haelterlein, Josef"]
[Black "Tsandekidis, Neofytos"]
[Result "0-1"]
[WhiteElo "1778"]
[BlackElo "1728"]
[PlyCount "163"]
[EventDate "2012.10.20"]
[EventType "team-tourn"]
[EventRounds "7"]
[EventCountry "GER"]
[SourceTitle "EXT 2020"]
[Source "ChessBase"]
[SourceDate "2019.10.17"]
[SourceVersion "1"]
[SourceVersionDate "2019.10.17"]
[SourceQuality "1"]
[WhiteTeam "Weilheim U20"]
[BlackTeam "Muenchen Suedost U20 II"]
[WhiteTeamCountry "GER"]
[BlackTeamCountry "GER"]

1. e4 e6 2. d4 d5 3. e5 c5 4. c3 Nc6 5. Nf3 Qb6 6. a3 a5 7. Bd3 Bd7 8. Bc2 Be7 9. 0-0 f6 10. Re1 cxd4 11. cxd4 fxe5 12. Nxe5 Nf6 13. Nf3 0-0 14. Nc3 Bd6 15. Rb1 Rfc8 16. Bg5 h6 17. Bh4 Ne7 18. Bg3 Bxg3 19. hxg3 Qd6 20. Ne5 Re8 21. Qe2 Nf5 22. Qd2 Qc7 23. g4 Nd6 24. g5 hxg5 25. Qxg5 Nf7 26. Qg6 Bc6 27. Re3 Re7 28. Rg3 Nxe5 29. Qxf6 Nc4 30. Qh4 Rf7 31. Bg6 Rf4 32. Qh7+ Kf8 33. Bh5 Be8 34. Qh8+ Ke7 35. Rxg7+ Bf7 36. Qh7 Rf8 37. Bxf7 R8xf7 38. Rxf7+ Rxf7 39. Qh4+ Kd7 40. Qh5 Qf4 41. Qf3 Qxf3 42. gxf3 Rxf3 43. Na4 Kd6 44. Kg2 Rd3 45. Nc5 Rxd4 46. Nxb7+ Kc7 47. Nc5 Kd6 48. Nb7+ Kc6 49. Nd8+ Kd7 50. Nb7 Kc6 51. Nd8+ Kd6 52. Nb7+ Ke5 53. Nd8 Re4 54. Nc6+ Kd6 55. Nd8 Re2 56. Nb7+ Kc6 57. Nd8+ Kb5 58. Kf3 Re4 59. Kg2 a4 60. b3 axb3 61. Rxb3+ Ka4 62. Rd3 Rg4+ 63. Kh3 Re4 64. Nxe6 Rxe6 65. Rxd5 Kxa3 66. f4 Kb4 67. Rd3 Rg6 68. Kh4 Kc5 69. f5 Rg8 70. Rg3 Rf8 71. Rf3 Ne5 72. Rf1 Rg8 73. f6 Kd6 74. Kh5 Ke6 75. Kh6 Ng4+ 76. Kh7 Rf8 77. Kg7 Rf7+ 78. Kg6 Ne5+ 79. Kg5 Rf8 80. Kh6 Kf7 81. Kg5 Nd7 82. Rf5 0-1

[Event "Bayernliga U20 1112"]
[Site "Bayern"]
[Date "2012.01.21"]
[Round "5.6"]
[White "Tsandekidis, Neofytos"]
[Black "Karl, Thomas"]
[Result "1/2-1/2"]
[WhiteElo "1700"]
[BlackElo "1256"]
[PlyCount "95"]
[EventDate "2011.11.12"]
[EventType "team-swiss"]
[EventRounds "7"]
[EventCountry "GER"]
[SourceTitle "EXT 2022"]
[Source "ChessBase"]
[SourceDate "2021.10.06"]
[SourceVersion "1"]
[SourceVersionDate "2021.10.06"]
[SourceQuality "1"]
[WhiteTeam "Muenchen Suedost SK U20"]
[BlackTeam "Kelheim SK U20"]
[WhiteTeamCountry "GER"]
[BlackTeamCountry "GER"]

1. c4 e5 2. Nc3 Nc6 3. g3 b6 4. Bg2 Bb7 5. d3 Bb4 6. Bd2 d6 7. a3 Bxc3 8. Bxc3 Nge7 9. e4 0-0 10. Ne2 Rb8 11. b4 a6 12. f4 f5 13. Qb3 Kh8 14. b5 axb5 15. cxb5 Na5 16. Bxa5 bxa5 17. Qc3 c6 18. bxc6 Nxc6 19. 0-0 Rc8 20. Qb2 Ba6 21. Qd2 Qb6+ 22. Kh1 fxe4 23. Bxe4 Rfd8 24. Rab1 Qc7 25. Rfc1 d5 26. Bf5 Rb8 27. Rxb8 Rxb8 28. Qc3 Bb7 29. fxe5 d4 30. Qc5 Nxe5+ 31. Kg1 Qxc5 32. Rxc5 Nf3+ 33. Kf2 Nxh2 34. Nxd4 g6 35. Be4 Rf8+ 36. Kg2 Bxe4+ 37. dxe4 Ng4 38. Rxa5 Rf2+ 39. Kh3 h5 40. Kh4 Rg2 41. Ra7 Ne5 42. Kg5 Rxg3+ 43. Kf4 h4 44. Kxe5 h3 45. Ra8+ Kh7 46. Kf6 h2 47. Ra7+ Kh6 48. Ra8 1/2-1/2

[Event "Bayernliga U20 1112"]
[Site "Bayern"]
[Date "2011.12.03"]
[Round "2.6"]
[White "Oberpriller, Katharina"]
[Black "Tsandekidis, Neofytos"]
[Result "0-1"]
[WhiteElo "1518"]
[BlackElo "1700"]
[PlyCount "117"]
[EventDate "2011.11.12"]
[EventType "team-swiss"]
[EventRounds "7"]
[EventCountry "GER"]
[SourceTitle "EXT 2022"]
[Source "ChessBase"]
[SourceDate "2021.10.06"]
[SourceVersion "1"]
[SourceVersionDate "2021.10.06"]
[SourceQuality "1"]
[WhiteTeam "Ergolding FC U20"]
[BlackTeam "Muenchen Suedost SK U20"]
[WhiteTeamCountry "GER"]
[BlackTeamCountry "GER"]

1. d4 g6 2. c4 Bg7 3. Nc3 e6 4. Nf3 h6 5. e3 Ne7 6. Be2 d5 7. Bd2 0-0 8. 0-0 Nd7 9. Rc1 c5 10. dxc5 dxc4 11. Bxc4 Nxc5 12. Qc2 b6 13. Rfd1 Ba6 14. Bxa6 Nxa6 15. Be1 Qc8 16. Qa4 Nc5 17. Qb4 Rd8 18. Rxd8+ Qxd8 19. Rd1 Qe8 20. Qc4 Rd8 21. Qe2 Rxd1 22. Qxd1 Qd7 23. Qc2 Nd5 24. Nxd5 Qxd5 25. b3 Qd3 26. Qc1 Qe2 27. Qd2 Qxd2 28. Nxd2 Bc3 29. Nf3 Ne4 30. Bxc3 Nxc3 31. a4 Ne4 32. Kf1 Kf8 33. Ke2 Ke7 34. Nd4 Nc5 35. Kd2 a6 36. f3 e5 37. Nc6+ Kd6 38. Nd8 f6 39. Kc3 h5 40. Nf7+ Ke7 41. Nh8 g5 42. h4 Kf8 43. Ng6+ Kf7 44. Nxe5+ fxe5 45. hxg5 Kg6 46. Kc4 Kxg5 47. a5 Nd7 48. axb6 Nxb6+ 49. Kc5 Nc8 50. Kc6 Ne7+ 51. Kd6 Nf5+ 52. Kxe5 Nxe3 53. g3 Nf1 54. f4+ Kg4 55. f5 Nd2 56. f6 Nf3+ 57. Ke6 Kxg3 58. f7 Ng5+ 59. Kf6 0-1

[Event "Bayernliga U20 1011"]
[Site "Bayern"]
[Date "2011.01.22"]
[Round "4.5"]
[White "Tsandekidis, Neofytos"]
[Black "Rank, Andreas"]
[Result "1/2-1/2"]
[WhiteElo "1656"]
[BlackElo "1424"]
[PlyCount "62"]
[EventDate "2010.10.16"]
[EventType "team-tourn"]
[EventRounds "7"]
[EventCountry "GER"]
[SourceTitle "EXT 2022"]
[Source "ChessBase"]
[SourceDate "2021.10.06"]
[SourceVersion "1"]
[SourceVersionDate "2021.10.06"]
[SourceQuality "1"]
[WhiteTeam "Muenchen Suedost SK U20"]
[BlackTeam "Kelheim SK U20"]
[WhiteTeamCountry "GER"]
[BlackTeamCountry "GER"]

1. c4 c5 2. Nc3 Nf6 3. g3 d6 4. Bg2 Nc6 5. d3 Bg4 6. h3 Bd7 7. e4 e6 8. Nge2 Be7 9. 0-0 0-0 10. f4 Kh8 11. Be3 Qc7 12. Qd2 Rad8 13. Rad1 Ng8 14. f5 Bf6 15. Bg5 Nce7 16. g4 exf5 17. exf5 Bc6 18. Bxf6 Nxf6 19. Nf4 Bxg2 20. Qxg2 Qc6 21. Rfe1 Qxg2+ 22. Kxg2 Nc6 23. g5 Ng8 24. Kg3 a6 25. Ncd5 Rfe8 26. Nc7 Re7 27. Rxe7 Ngxe7 28. Kg4 Rc8 29. Ncd5 Ne5+ 30. Kg3 Nxf5+ 31. Kf2 Re8 1/2-1/2